书目信息 |
| 题名: |
我们的六十年代
|
|
| 作者: | 潘良 , 旷晨 编著 | |
| 分册: | ||
| 出版信息: | 北京 中国友谊出版公司 2005 |
|
| 页数: | 349页 | |
| 开本: | 23cm | |
| 丛书名: | 年代怀旧丛书 | |
| 单 册: | ||
| 中图分类: | K270.5 | |
| 科图分类: | ||
| 主题词: | 历史事件--li shi shi jian--中国--1960-1969 | |
| 电子资源: | ||
| ISBN: | 7-5057-2114-3 | |
| 000 | 00846nam 2200277 450 | |
| 001 | CAL 012005114204 | |
| 005 | 20061121154013.84 | |
| 010 | @a7-5057-2114-3@dCNY 32.00 | |
| 099 | @aCAL 012005114204 | |
| 100 | @a20051018d2005 em y0chiy0121 ea | |
| 101 | 0 | @achi |
| 102 | @aCN@b110000 | |
| 105 | @aabc a 000yy | |
| 200 | 1 | @a我们的六十年代@Awo men de liu shi nian dai@f旷晨,潘良编著@Fkuang chen,pan liang bian zhu |
| 210 | @a北京@c中国友谊出版公司@d2005 | |
| 215 | @a349页@c图, 地图, 肖像@d23cm | |
| 225 | 2 | @a年代怀旧丛书@Anian dai huai jiu cong shu |
| 320 | @a有书目 | |
| 410 | 0 | @12001 @a年代怀旧丛书 |
| 606 | 0 | @a历史事件@Ali shi shi jian@y中国@z1960-1969 |
| 690 | @aK270.5@v4 | |
| 701 | 0 | @a潘良@Apan liang@4编著 |
| 701 | 0 | @a旷晨@Akuang chen@4编著 |
| 801 | @aCN@c20061121 | |
| 905 | @a10447@dK270.5@eK931 | |
| 998 | @aXMU | |
| 我们的六十年代/旷晨,潘良编著.-北京:中国友谊出版公司,2005 |
| 349页:图, 地图, 肖像;23cm.-(年代怀旧丛书) |
| ISBN 7-5057-2114-3:CNY 32.00 |
| ● |
| 相关链接 |
|
|
|
正题名:我们的六十年代
索取号:K270.5/K931
 
预约/预借
| 序号 | 登录号 | 条形码 | 馆藏地/架位号 | 状态 | 备注 |
| 1 | 612578 | 206125780 | 社科库309/309社科库 37排4列4层/ [索取号:K270.5/K931] | 在馆 | |
| 2 | 612579 | 206125799 | 社科库309/309社科库 37排4列4层/ [索取号:K270.5/K931] | 在馆 | |
| 3 | 612580 | 206125806 | 社科库309/309社科库 37排4列4层/ [索取号:K270.5/K931] | 在馆 |